Statistics for 1996 Chicago Bulls Roster

Click here to take the quiz!

General Stats

  • This quiz has been taken 4,100 times
  • The average score is 7 of 15

Answer Stats

Players% Correct
Michael Jordan
100%
Scottie Pippen
98%
Dennis Rodman
94%
Steve Kerr
83%
Toni Kukoc
63%
Luc Longley
58%
Ron Harper
56%
Bill Wennington
30%
John Salley
20%
Jud Buechler
18%
Randy Brown
18%
Jack Haley
14%
Dickey Simpkins
13%
James Edwards
12%
Jason Caffey
11%

Score Distribution

Percentile by Number Answered

Percent of People with Each Score

Your Score History

You have not taken this quiz